El Comercio minorista de la Comunidad de Madrid (Record no. 12443)

MARC details
000 -LEADER
campo de control de longitud fija 00983nam a2200289 i 4500
001 - NÚMERO DE CONTROL
campo de control 12443
003 - IDENTIFICADOR DE NÚMERO DE CONTROL
campo de control ES-MaACL
005 - FECHA Y HORA DE LA ÚLTIMA TRANSACCIÓN
campo de control 20250901102218.0
007 - CAMPO FIJO DE DESCRIPCIÓN FÍSICA--INFORMACIÓN GENERAL
campo de control de longitud fija t|
008 - DATOS DE LONGITUD FIJA--INFORMACIÓN GENERAL
campo de control de longitud fija 901114s1988 sp ||||0| spa j ..|
015 ## - NÚMERO DE BIBLIOGRAFÍA NACIONAL
Número de bibliografía nacional 1990-SEP-16186
016 7# - NÚMERO DE CONTROL DE UNA AGENCIA BIBLIOGRÁFICA NACIONAL
Número de control cancelado/no válido SAB9000095680
020 ## - NÚMERO INTERNACIONAL ESTÁNDAR DEL LIBRO
Número Internacional Estándar del Libro 84-451-0054-8
040 ## - FUENTE DE CATALOGACIÓN
Centro catalogador/agencia de origen M-BN-DP
Lengua de catalogación spa
Centro/agencia transcriptor M-BN-DP
080 ## - NÚMERO DE LA CLASIFICACIÓN DECIMAL UNIVERSAL
Número de la Clasificación Decimal Universal 339.37(464.1)(083.41)
245 03 - MENCIÓN DEL TÍTULO
Título El Comercio minorista de la Comunidad de Madrid
Resto del título : resultados de la encuesta de 1986.
260 ## - PUBLICACIÓN, DISTRIBUCIÓN, ETC.
Lugar de publicación, distribución, etc. Madrid :
Nombre del editor, distribuidor, etc. Consejería de Economía,
Fecha de publicación, distribución, etc. D.L. 1988.
300 ## - DESCRIPCIÓN FÍSICA
Extensión 108 p :
Otras características físicas gráf ;
Dimensiones 31 cm.
490 1# - MENCIÓN DE SERIE
Mención de serie Documentación y estadísticas
650 17 - PUNTO DE ACCESO ADICIONAL DE MATERIA--TÉRMINO DE MATERIA
Término de materia o nombre geográfico como elemento de entrada Comercio al por menor
Fuente del encabezamiento o término embne
9 (RLIN) 11164
710 1# - ENTRADA AGREGADA--NOMBRE DE ENTIDAD CORPORATIVA
Nombre de entidad corporativa o nombre de jurisdicción como elemento de entrada Madrid (Comunidad Autónoma).
Unidad subordinada Consejería de Economía.
9 (RLIN) 5597
830 0# - PUNTO DE ACCESO ADICIONAL DE SERIE-TÍTULO UNIFORME
Título uniforme Documentación y estadísticas
9 (RLIN) 179310
852 ## - LOCALIZACIÓN
Ubicación ES-MaACL
Número de control de estantería L-19675
Sublocalización o colección R.123649
942 ## - ELEMENTOS DE ENTRADA SECUNDARIOS (KOHA)
Fuente del sistema de clasificación o colocación Clasificación decimal universal
Tipo de ítem Koha Libro impreso
Suprimir en OPAC No
Holdings
Estatus retirado Estado de pérdida Estado de daño No para préstamo Biblioteca de origen Biblioteca actual Ubicación en estantería Fecha de adquisición Fuente de adquisición Total de préstamos Signatura topográfica completa Código de barras Visto por última vez Precio de reemplazo Tipo de ítem Koha
        Biblioteca del Ateneo de Madrid Biblioteca del Ateneo de Madrid Depósito 2 17/01/2008     L-19675 1012679 23/02/2023 23/02/2023 Libro impreso